| 000 | 00447nam a22001577a 4500 | ||
|---|---|---|---|
| 020 | _a9789332518711 | ||
| 040 | _cNUST | ||
| 082 | _a006.6 HEA | ||
| 100 |
_aHearn, Donald D. _9101505 |
||
| 110 |
_aBaker, Pauline Carithers, Warren _9111578 |
||
| 245 | _a Computer Graphics with Open GL | ||
| 250 | _a4th Edition | ||
| 260 |
_aIndia: _bPearson, _c2016. |
||
| 650 |
_aDCE TEXTBOOK. COMPUTER GRAPHICS WITH OPEN GL _9111579 |
||
| 942 |
_2ddc _cTEXT |
||
| 999 |
_c594387 _d594387 |
||